[Event "Bad Woerishofen sen"]
[Site "?"]
[Date "2006.03.17"]
[Round "1"]
[White "Neese, Hans-Joachim"]
[Black "Richter, Dr. Gerhard"]
[Result "1-0"]
[WhiteElo "2244"]
[BlackElo "1973"]
[PlyCount "51"]
[EventDate "2006.??.??"]

1. d4 g6 2. c4 Bg7 3. g3 f5 4. Bg2 Nf6 5. Nc3 O-O 6. Nf3 d6 7. O-O Qe8 8. b4 c6
9. Rb1 e5 10. dxe5 dxe5 11. e4 f4 12. Qc2 Nh5 13. b5 fxg3 14. fxg3 Qe7 15. Be3
Be6 16. Qa4 Rc8 17. Rfc1 a6 18. bxc6 bxc6 19. c5 h6 20. Nd2 Rd8 21. Nc4 Rd3 22.
Bf1 Rd8 23. Nd6 Ra7 24. Rb6 a5 25. Rcb1 Na6 26. Bxa6 1-0

[Event "Bad Woerishofen sen"]
[Site "?"]
[Date "2006.03.18"]
[Round "1"]
[White "Wolf, Alfred"]
[Black "Bierwisch, Bernhard"]
[Result "0-1"]
[WhiteElo "1965"]
[BlackElo "2237"]
[PlyCount "50"]
[EventDate "2006.??.??"]

1. d4 Nf6 2. c4 g6 3. Nc3 Bg7 4. e4 d6 5. Be2 O-O 6. Nf3 e5 7. d5 a5 8. O-O Na6
9. Ne1 Nc5 10. f3 Nh5 11. Nd3 Nxd3 12. Bxd3 Nf4 13. Qc2 f5 14. Ne2 Qg5 15. Nxf4
exf4 16. Kh1 Be5 17. g3 fxe4 18. fxe4 Bh3 19. gxf4 Bxf4 20. Rg1 Qe5 21. Bxf4
Rxf4 22. Rae1 Raf8 23. Qd1 Rf3 24. Bf1 Bxf1 25. Rgxf1 Rf2 0-1

[Event "Bad Woerishofen sen"]
[Site "?"]
[Date "2006.03.18"]
[Round "1"]
[White "Hommann, Horst"]
[Black "Klempt, Guenther"]
[Result "1-0"]
[WhiteElo "1884"]
[BlackElo "2114"]
[PlyCount "150"]
[EventDate "2006.??.??"]

1. Nf3 d5 2. d4 Nf6 3. c4 e6 4. Nc3 c6 5. e3 Be7 6. Qc2 Nbd7 7. b3 O-O 8. Bd3
h6 9. O-O b6 10. e4 dxe4 11. Nxe4 Bb7 12. Bb2 c5 13. dxc5 Nxc5 14. Nxc5 Bxc5
15. Rad1 Qe7 16. Bxf6 Qxf6 17. Be4 Bxe4 18. Qxe4 Rad8 19. Qe2 Qc3 20. h3 a5 21.
Rxd8 Rxd8 22. Rd1 Rxd1+ 23. Qxd1 Qb2 24. Qd2 Qb1+ 25. Kh2 Qe4 26. Kg1 Qf5 27.
Nh2 Qe4 28. Qd1 a4 29. Nf3 Qf4 30. Qd2 Qe4 31. Ne1 axb3 32. axb3 Qb1 33. Qc3
Qd1 34. Kf1 Qb1 35. Qd3 Qa1 36. Qd2 Bd4 37. Ke2 Bc3 38. Qd1 Qb2+ 39. Kf1 Bd4
40. Qc2 Qa1 41. Ke2 Qa5 42. Nd3 Qf5 43. Qd2 e5 44. Kf1 Qe6 45. Nb4 Qf5 46. Qc2
Qf4 47. Kg1 e4 48. Nd5 Qe5 49. Qd2 f5 50. Qf4 Qxf4 51. Nxf4 Kf7 52. Nd5 Ke6 53.
Kf1 Kd6 54. Ke2 b5 55. f3 bxc4 56. bxc4 Kc5 57. Ne7 Kxc4 58. Nxf5 exf3+ 59.
Kxf3 Kd5 60. Kg4 Bc3 61. Kh5 Ke4 62. g4 Kf4 63. Kg6 Bb2 64. Kh5 Bc3 65. Ne7 Kg3
66. h4 Bf6 67. Nf5+ Kf4 68. Nd6 g5 69. hxg5 hxg5 70. Ne8 Be7 71. Ng7 Bf6 72.
Ne6+ Kg3 73. Nxg5 Kf4 74. Nf7 Be7 75. Nh6 Bf6 {Zeit} 1-0

[Event "Bad Woerishofen op"]
[Site "?"]
[Date "2006.03.18"]
[Round "1"]
[White "Engl, Heinz"]
[Black "Eingorn, Viacheslav"]
[Result "0-1"]
[WhiteElo "2072"]
[BlackElo "2595"]
[PlyCount "90"]
[EventDate "2006.??.??"]

1. e4 c5 2. Nf3 a6 3. c4 e6 4. Nc3 b6 5. g3 Bb7 6. Bg2 Nc6 7. O-O Nd4 8. d3 Ne7
9. Nxd4 cxd4 10. Ne2 e5 11. f4 d6 12. Bd2 Nc6 13. a3 Be7 14. b4 O-O 15. Qb3 Bc8
16. Rf2 Be6 17. f5 Bd7 18. Raf1 Kh8 19. g4 Bh4 20. Rf3 f6 21. Qd1 b5 22. Rh3
Bg5 23. Kh1 Bxd2 24. Qxd2 bxc4 25. dxc4 Rc8 26. Rc1 Ne7 27. Ng3 Ng8 28. Bf1 Be8
29. Bd3 Rf7 30. Ne2 Rfc7 31. Ng1 Bf7 32. Qe2 Nh6 33. Rg3 Qg8 34. c5 dxc5 35.
Bxa6 cxb4 36. Rxc7 Rxc7 37. axb4 Qb8 38. h4 Qxb4 39. g5 Ng8 40. Qg4 Be8 41. Bc8
fxg5 42. Be6 Nf6 43. Qe2 g4 44. Rb3 Qd6 45. Rb8 d3 0-1

[Event "Bad Woerishofen op"]
[Site "?"]
[Date "2006.03.17"]
[Round "1"]
[White "Kuhlmann, Hans-Peter"]
[Black "Kveinys, Aloyzas"]
[Result "0-1"]
[WhiteElo "2068"]
[BlackElo "2517"]
[PlyCount "42"]
[EventDate "2006.??.??"]

1. c4 Nf6 2. Nc3 e5 3. g3 Bc5 4. Bg2 a6 5. e3 Nc6 6. a3 d6 7. b4 Ba7 8. Nge2
O-O 9. O-O Bf5 10. d4 exd4 11. exd4 Re8 12. Ra2 Qd7 13. c5 h6 14. d5 Ne5 15.
Nd4 dxc5 16. Nxf5 Qxf5 17. Be3 cxb4 18. Bxa7 bxc3 19. Bd4 Rad8 20. Bxc3 Nxd5
21. Qd4 Nxc3 0-1

[Event "Bad Woerishofen op"]
[Site "?"]
[Date "2006.03.18"]
[Round "1"]
[White "Hipp, Hermann"]
[Black "Halkias, Stelios"]
[Result "0-1"]
[WhiteElo "2071"]
[BlackElo "2528"]
[PlyCount "96"]
[EventDate "2006.??.??"]

1. Nf3 d5 2. d4 e6 3. Bf4 Bd6 4. Bg3 Ne7 5. e3 Nf5 6. Bd3 Nxg3 7. hxg3 Nd7 8.
Nbd2 c5 9. c4 cxd4 10. Nxd4 Ne5 11. Be2 dxc4 12. Nxc4 Nxc4 13. Bxc4 Bd7 14. Qb3
Qa5+ 15. Ke2 O-O-O 16. Rac1 Kb8 17. Bb5 Bxb5+ 18. Qxb5 Qxb5+ 19. Nxb5 Be5 20.
Rc2 Rd5 21. Na3 Bf6 22. b3 h6 23. Rd1 Rhd8 24. Rcd2 Rxd2+ 25. Rxd2 Rxd2+ 26.
Kxd2 h5 27. Nc4 Kc7 28. Kd3 b5 29. Nd2 Be7 30. Nf3 Kd6 31. Nd2 a6 32. e4 Kc6
33. f3 Bc5 34. Nf1 Bf2 35. Ke2 Bg1 36. Kd3 Kc5 37. Kc3 Bd4+ 38. Kd3 Bf2 39. Kc3
Be1+ 40. Kd3 Kb4 41. Kc2 a5 42. Kb2 Kc5 43. Kc2 Kd4 44. a3 b4 45. a4 Bc3 46.
Nh2 Ke3 47. g4 h4 48. g5 Kf2 0-1

[Event "Bad Woerishofen op"]
[Site "?"]
[Date "2006.03.18"]
[Round "1"]
[White "Starostits, Ilmars"]
[Black "Mader, Manuela"]
[Result "1-0"]
[WhiteElo "2493"]
[BlackElo "2067"]
[PlyCount "69"]
[EventDate "2006.??.??"]

1. e4 c6 2. d4 d5 3. e5 Bf5 4. Nf3 e6 5. Be2 h6 6. O-O Ne7 7. b3 Ng6 8. Be3 h5
9. c4 h4 10. h3 f6 11. Bd3 Bxd3 12. Qxd3 Kf7 13. Nc3 Be7 14. Rac1 f5 15. Rc2
Rf8 16. cxd5 cxd5 17. Qb5 Qb6 18. Qxb6 axb6 19. Na4 f4 20. Bd2 b5 21. Nc5 Ra7
22. Nd3 Kg8 23. Nc5 Kf7 24. Rfc1 Nc6 25. Kf1 Rfa8 26. Nxb7 Nxd4 27. Nxd4 Rxb7
28. Rc7 Raa7 29. Nxb5 Rxc7 30. Rxc7 Rxa2 31. Bb4 Ra8 32. Nd4 Re8 33. Nc6 Kf8
34. Nxe7 Nxe7 35. Ke2 1-0

[Event "Bad Woerishofen op"]
[Site "?"]
[Date "2006.03.18"]
[Round "1"]
[White "Guggenberger, Guido"]
[Black "Gutman, Lev"]
[Result "0-1"]
[WhiteElo "2066"]
[BlackElo "2465"]
[PlyCount "62"]
[EventDate "2006.??.??"]

1. d4 Nf6 2. Nf3 g6 3. Nbd2 Bg7 4. e4 O-O 5. Bd3 d5 6. e5 Nh5 7. O-O Nf4 8. Bb5
c6 9. Ba4 Ne6 10. Re1 c5 11. c3 cxd4 12. cxd4 Nc6 13. Nf1 Qb6 14. Bxc6 bxc6 15.
b3 a5 16. Be3 f5 17. Ng5 f4 18. Nxe6 Bxe6 19. Bc1 g5 20. Ba3 Qb7 21. Nd2 g4 22.
Rc1 Bh6 23. Rc3 Kh8 24. Kh1 Qd7 25. Qc2 Bf5 26. Qd1 Qe6 27. Qe2 f3 28. Qd1
fxg2+ 29. Kxg2 Bf4 30. Nf1 Be4+ 31. Kg1 Bf3 0-1

[Event "Bad Woerishofen op"]
[Site "?"]
[Date "2006.03.18"]
[Round "1"]
[White "Gulde, Josef"]
[Black "Skembris, Spyridon"]
[Result "0-1"]
[WhiteElo "2057"]
[BlackElo "2451"]
[PlyCount "70"]
[EventDate "2006.??.??"]

1. c4 e5 2. Nc3 Nf6 3. g3 d5 4. cxd5 Nxd5 5. Bg2 Nb6 6. Nf3 Nc6 7. O-O Be7 8.
d3 O-O 9. Be3 Bg4 10. Bxb6 axb6 11. h3 Be6 12. Kh2 f5 13. Qd2 Ra5 14. Rfd1 Nd4
15. e3 Nxf3+ 16. Bxf3 c6 17. Qe2 b5 18. b3 Qa8 19. Qb2 b4 20. Ne2 Bf6 21. Bg2
Qa7 22. Rd2 f4 23. d4 exd4 24. exd4 fxg3+ 25. fxg3 Bg5 26. Rc2 Bf5 27. Rc4 Bd3
28. Rxb4 Rf2 29. Re1 Rxa2 30. Rxb7 Rxb2 31. Rxa7 Bxe2 32. Kh1 Bd2 33. Rea1 Be3
34. Rc7 Bxd4 35. Bxc6 Bf3+ 0-1

[Event "Bad Woerishofen op"]
[Site "?"]
[Date "2006.03.18"]
[Round "1"]
[White "Henrichs, Thomas"]
[Black "Woerl, Richard"]
[Result "1-0"]
[WhiteElo "2434"]
[BlackElo "2056"]
[PlyCount "75"]
[EventDate "2006.??.??"]

1. d4 d5 2. c4 e6 3. Nf3 c6 4. Nc3 Nf6 5. Bg5 Be7 6. e3 Ne4 7. Bxe7 Qxe7 8. Rc1
O-O 9. Bd3 f5 10. O-O Nd7 11. a3 Ndf6 12. Ne5 Bd7 13. f3 Nxc3 14. Rxc3 Be8 15.
Qc2 Rd8 16. b4 g6 17. f4 Kg7 18. Qe2 a6 19. Rb1 Nd7 20. cxd5 exd5 21. Qf2 Nxe5
22. fxe5 Bd7 23. a4 Rc8 24. Rc5 Kh8 25. h4 g5 26. hxg5 Rg8 27. Qf4 Be6 28. b5
axb5 29. axb5 Rxg5 30. Be2 Rcg8 31. Bf3 Bd7 32. bxc6 bxc6 33. Rb7 Qg7 34. Rc2
Ra8 35. Rxd7 Ra1+ 36. Kf2 Qh6 37. Rd8+ Kg7 38. Rd6 1-0

[Event "Bad Woerishofen op"]
[Site "?"]
[Date "2006.03.17"]
[Round "1"]
[White "Rau, Hannes"]
[Black "Steiger, Wallfried"]
[Result "1-0"]
[WhiteElo "2425"]
[BlackElo "2049"]
[PlyCount "123"]
[EventDate "2006.??.??"]

1. d4 e6 2. c4 c5 3. d5 e5 4. Nc3 d6 5. e4 g6 6. Nf3 Bg7 7. Be2 Ne7 8. O-O O-O
9. Rb1 Nd7 10. a3 Nf6 11. b4 b6 12. Ne1 Ne8 13. bxc5 bxc5 14. Nd3 f5 15. f3 f4
16. Bd2 g5 17. Rb3 Nf6 18. Nf2 h5 19. h3 Kh8 20. Qb1 Ba6 21. Nb5 Neg8 22. Qe1
Qe7 23. Bc1 Rfb8 24. Bd2 Bf8 25. Ba5 Rb7 26. Qd2 Qh7 27. Rfb1 Rab8 28. Qd1 Rg7
29. Nc3 Rbb7 30. Bd8 Rgd7 31. Rxb7 Bxb7 32. Ba5 Nh6 33. Qb3 Kg8 34. Qa4 Be7 35.
Qxd7 Nxd7 36. Rxb7 Nf8 37. Nb5 Qf7 38. Nxa7 Qe8 39. Nc6 Bf6 40. Rb8 Qd7 41. Bb6
g4 42. fxg4 Bh4 43. gxh5 Bxf2+ 44. Kxf2 Qg7 45. Bf3 Qg3+ 46. Kf1 Nf7 47. Ne7+
Kh7 48. Rxf8 Ng5 49. Rg8 Qh2 50. Rxg5 Qh1+ 51. Kf2 Qc1 52. Nf5 Qb2+ 53. Kg1
Qxb6 54. Rg7+ Kh8 55. Rg6 Qa6 56. Nxd6 Qxa3 57. Kh2 Qc1 58. Nf7+ Kh7 59. Nxe5
Qf1 60. d6 Qf2 61. d7 Qd4 62. h6 1-0

[Event "Bad Woerishofen op"]
[Site "?"]
[Date "2006.03.18"]
[Round "1"]
[White "Roeder, Mathias"]
[Black "Will, Matthias"]
[Result "1-0"]
[WhiteElo "2400"]
[BlackElo "2041"]
[PlyCount "65"]
[EventDate "2006.??.??"]

1. Nf3 f5 2. c4 Nf6 3. g3 g6 4. Bg2 Bg7 5. O-O O-O 6. Nc3 d6 7. d4 c6 8. Rb1 a5
9. b3 Qe8 10. d5 Na6 11. Nd4 Bd7 12. Bb2 Nc5 13. a3 g5 14. e3 Ng4 15. b4 axb4
16. axb4 Ne4 17. Nxe4 fxe4 18. Ne6 Bxe6 19. dxe6 Qh5 20. h3 Nf6 21. Qxh5 Nxh5
22. Bxe4 Ra2 23. Bc1 Be5 24. Bd3 Rf3 25. Be4 Rf8 26. Bg2 Ng7 27. b5 Nxe6 28.
bxc6 bxc6 29. Bxc6 Nc5 30. e4 Rfxf2 31. Rb8+ Kg7 32. Rxf2 Bd4 33. Bb2 1-0

[Event "Bad Woerishofen sen"]
[Site "?"]
[Date "2006.03.17"]
[Round "1"]
[White "Lange, Dr.Manfred"]
[Black "Villing, Dieter"]
[Result "0-1"]
[WhiteElo "1980"]
[BlackElo "2261"]
[PlyCount "74"]
[EventDate "2006.??.??"]

1. e4 c5 2. Nf3 Nc6 3. d4 cxd4 4. Nxd4 Nf6 5. Nc3 e6 6. Ndb5 d6 7. Bf4 e5 8.
Bg5 a6 9. Na3 b5 10. Nd5 Be7 11. Bxf6 Bxf6 12. c3 Bg5 13. Nc2 Rb8 14. Bd3 O-O
15. h4 Bh6 16. g4 Bf4 17. Qf3 Be6 18. Nce3 Bxe3 19. Nxe3 b4 20. c4 b3 21. a3
Nd4 22. Qd1 Qf6 23. Nf5 Bxf5 24. gxf5 Qh6 25. Qc1 Qh5 26. Qe3 Rfc8 27. Rc1 Rc5
28. Be2 Qh6 29. Qxh6 gxh6 30. Rg1+ Kf8 31. f6 d5 32. exd5 Rb6 33. Rg3 Rxf6 34.
Bd3 Rf4 35. Bxh7 Rxh4 36. d6 Ke8 37. Kd2 Kd7 0-1

[Event "Bad Woerishofen sen"]
[Site "?"]
[Date "2006.03.17"]
[Round "1"]
[White "Goy, Udo"]
[Black "Schmieder, Wolfgang"]
[Result "1-0"]
[WhiteElo "2254"]
[BlackElo "1978"]
[PlyCount "73"]
[EventDate "2006.??.??"]

1. d4 Nf6 2. Nf3 g6 3. c4 Bg7 4. Nc3 d5 5. cxd5 Nxd5 6. e4 Nb6 7. Be3 a6 8. a4
Bg4 9. a5 N6d7 10. Bc4 O-O 11. Qb3 b5 12. Bxf7+ Rxf7 13. Ng5 Qf8 14. h3 Nc6 15.
hxg4 Nxd4 16. Bxd4 Bxd4 17. Qxf7+ Qxf7 18. Nxf7 Bxc3+ 19. bxc3 Kxf7 20. Rxh7+
Ke6 21. f3 Ne5 22. Ke2 Nc4 23. Rd1 Nxa5 24. g5 Nc4 25. Rg7 Nd6 26. Rxg6+ Ke5
27. Rd5+ Kf4 28. Kf2 Nxe4+ 29. fxe4 Kxe4 30. Rc5 a5 31. Rxb5 a4 32. Re6+ Kd3
33. Ree5 Kxc3 34. Rec5+ Kd3 35. Ra5 Rxa5 36. Rxa5 a3 37. Rxa3+ 1-0

[Event "Bad Woerishofen sen"]
[Site "?"]
[Date "2006.03.17"]
[Round "1"]
[White "Kreie, Günter"]
[Black "Igney, Volkhard"]
[Result "0-1"]
[WhiteElo "1973"]
[BlackElo "2250"]
[PlyCount "70"]
[EventDate "2006.??.??"]

1. e4 c5 2. Nf3 d6 3. d4 cxd4 4. Nxd4 Nf6 5. Nc3 a6 6. Bg5 e6 7. Be2 Nbd7 8.
O-O Be7 9. Kh1 Qc7 10. f3 b5 11. a3 Bb7 12. Qe1 d5 13. exd5 Bxd5 14. Nxd5 Nxd5
15. Bxe7 Nxe7 16. f4 O-O 17. Bf3 Rad8 18. Qh4 Ng6 19. Qg3 Nf6 20. Nc6 Rd2 21.
Rad1 Rxc2 22. Nb4 Rxb2 23. Nxa6 Qa5 24. Bb7 Qb6 25. Qf3 Nh4 26. Qc6 Qe3 27. Qc5
Qe2 28. Rfe1 Qg4 29. Qc3 Rxg2 30. Rg1 Nd5 31. Bxd5 exd5 32. h3 Rh2+ 33. Kxh2
Nf3+ 34. Qxf3 Qxf3 35. Rdf1 Qxa3 0-1

[Event "Bad Woerishofen op"]
[Site "?"]
[Date "2006.03.17"]
[Round "1"]
[White "Burmakin, Vladimir"]
[Black "Ostertag, Hans"]
[Result "1-0"]
[WhiteElo "2519"]
[BlackElo "2069"]
[PlyCount "63"]
[EventDate "2006.??.??"]

1. d4 Nf6 2. c4 c5 3. d5 b5 4. cxb5 a6 5. b6 d6 6. Nc3 g6 7. e4 Bg7 8. Nf3 Qxb6
9. Nd2 O-O 10. Be2 Nbd7 11. Nc4 Qc7 12. O-O Nb6 13. Rb1 Nxc4 14. Bxc4 Bd7 15.
Qe2 Rfb8 16. Bd2 Bb5 17. Bxb5 axb5 18. Nxb5 Qb7 19. Nc3 Nd7 20. f4 Ra6 21. a4
Bd4+ 22. Kh1 Bg7 23. h4 Rb6 24. Nb5 e6 25. Ba5 Ra6 26. Bc7 Rba8 27. dxe6 fxe6
28. Bxd6 Rxa4 29. e5 Re4 30. Qf3 Rc8 31. Be7 Qc6 32. Nd6 1-0

[Event "Bad Woerishofen op"]
[Site "?"]
[Date "2006.03.17"]
[Round "1"]
[White "Wanner, Gorges"]
[Black "Einwiller, Dieter"]
[Result "0-1"]
[WhiteElo "1813"]
[BlackElo "2173"]
[PlyCount "110"]
[EventDate "2006.??.??"]

1. e4 d5 2. exd5 Nf6 3. Bb5+ Bd7 4. Bc4 Bg4 5. Nf3 Nxd5 6. d4 e6 7. O-O Be7 8.
c3 O-O 9. Bd3 Nd7 10. h3 Bh5 11. Nbd2 c5 12. Qc2 Bg6 13. Bxg6 hxg6 14. Ne4 cxd4
15. Nxd4 Rc8 16. Qe2 a6 17. Qg4 N7f6 18. Nxf6+ Bxf6 19. Nf3 b5 20. Ng5 Rc4 21.
Qg3 Qb8 22. Qxb8 Rxb8 23. Bd2 Nf4 24. Bxf4 Rxf4 25. Nf3 b4 26. Rab1 bxc3 27.
bxc3 Rc8 28. Rb4 g5 29. Rxf4 gxf4 30. h4 Rxc3 31. Rb1 Ra3 32. Rb8+ Kh7 33. Ng5+
Bxg5 34. hxg5 Rxa2 35. Rb4 e5 36. Rb6 a5 37. g6+ fxg6 38. Rb5 e4 39. Re5 Ra4
40. Rb5 Ra1+ 41. Kh2 Rf1 42. Rb2 a4 43. Ra2 a3 44. Re2 Kh6 45. Ra2 g5 46. g4 f3
47. Rc2 g6 48. Ra2 Kg7 49. Rc2 Kf6 50. Ra2 Ke5 51. Rxa3 Rxf2+ 52. Kh3 Rf1 53.
Kg3 Rg1+ 54. Kf2 Rg2+ 55. Kf1 Kf4 0-1

[Event "Bad Woerishofen op"]
[Site "?"]
[Date "2006.03.18"]
[Round "2"]
[White "Babar, Michael"]
[Black "Ikonnikov, Vyacheslav"]
[Result "0-1"]
[WhiteElo "2190"]
[BlackElo "2580"]
[PlyCount "127"]
[EventDate "2006.??.??"]

1. e4 c5 2. Nf3 a6 3. c3 Nf6 4. e5 Nd5 5. d4 cxd4 6. Bc4 Nb6 7. Bb3 d5 8. exd6
e6 9. Qxd4 Nc6 10. Qe4 Bxd6 11. O-O Bd7 12. Rd1 Bc5 13. Bg5 Qc8 14. Nbd2 O-O
15. Qh4 f5 16. a4 h6 17. Bxh6 gxh6 18. Qxh6 Rf7 19. Ng5 Bf8 20. Qh5 Qe8 21.
Nxf7 Qxf7 22. Qxf7+ Kxf7 23. Nc4 Nd5 24. Ne3 Nce7 25. Nxd5 Nxd5 26. Bxd5 exd5
27. Rxd5 Ke6 28. Rd3 Bc6 29. h3 Kf6 30. b3 Rc8 31. Rad1 Be7 32. f3 f4 33. Kh2
Kf5 34. c4 Rc7 35. Re1 Bb4 36. Re2 Rc8 37. Kh1 Bc5 38. Kh2 a5 39. Kh1 Kf6 40.
Kh2 b6 41. Kh1 Re8 42. Rdd2 Re3 43. Rb2 Be8 44. Kh2 Bg6 45. h4 Bd3 46. Red2 Ke5
47. Kh3 Ba3 48. Ra2 Bb4 49. Rd1 Bf5+ 50. Kh2 Be1 51. Rxe1 Rxe1 52. Rd2 Ke6 53.
Rd4 Rb1 54. c5 bxc5 55. Rc4 Kd5 56. Rxf4 Bd3 57. h5 Rxb3 58. h6 Rb6 59. Rh4 Bh7
60. Kg3 c4 61. Rh5+ Kd4 62. Rxa5 Kc3 63. Ra7 Rxh6 64. Kf2 0-1

[Event "Bad Woerishofen op"]
[Site "?"]
[Date "2006.03.18"]
[Round "2"]
[White "Halkias, Stelios"]
[Black "Riedel, Lutz"]
[Result "1-0"]
[WhiteElo "2528"]
[BlackElo "2185"]
[PlyCount "97"]
[EventDate "2006.??.??"]

1. d4 d5 2. c4 c6 3. Nc3 Nf6 4. Nf3 g6 5. cxd5 cxd5 6. Bf4 Nc6 7. e3 a6 8. h3
Bg7 9. Bd3 O-O 10. Rc1 Qa5 11. O-O Bf5 12. Bxf5 gxf5 13. Qb3 Qb4 14. Nxd5 Nxd5
15. Qxd5 e6 16. Qb3 Qxb3 17. axb3 Rfd8 18. Bg5 Rd5 19. Rc3 f6 20. Bh4 h5 21.
Rfc1 Kf7 22. Ne1 f4 23. Nd3 Bh6 24. Nc5 fxe3 25. fxe3 Nxd4 26. exd4 Bxc1 27.
Rxc1 Rxd4 28. Bf2 Rd2 29. Ne4 Rd7 30. Rf1 Kg6 31. Bg3 Rf7 32. Bh4 Raf8 33. Rf3
Kg7 34. Re3 Kg6 35. Rg3+ Kh6 36. Rd3 Kg6 37. b4 e5 38. Kh2 Kg7 39. Rd6 Kg6 40.
Rb6 Kg7 41. Kg1 Kg6 42. Kh2 Kg7 43. Be1 Rc7 44. b5 Ra8 45. Nxf6 axb5 46. Nxh5+
Kh7 47. Bb4 Rf7 48. Nf6+ Kg7 49. Ng4 1-0

[Event "Bad Woerishofen op"]
[Site "?"]
[Date "2006.03.18"]
[Round "2"]
[White "Lipok, Christoph"]
[Black "Burmakin, Vladimir"]
[Result "0-1"]
[WhiteElo "2186"]
[BlackElo "2519"]
[PlyCount "80"]
[EventDate "2006.??.??"]

1. d4 Nf6 2. c4 e6 3. Nc3 d5 4. cxd5 exd5 5. Bg5 c6 6. e3 Be7 7. Bd3 Nbd7 8.
Qc2 h6 9. Bh4 Nh5 10. Bxe7 Qxe7 11. O-O-O Nb6 12. Kb1 Be6 13. Nf3 O-O-O 14. Nd2
Nf6 15. Na4 Nxa4 16. Qxa4 Kb8 17. Rc1 Nd7 18. Qc2 Rc8 19. Nb3 b6 20. Qe2 Rc7
21. e4 dxe4 22. Qxe4 Qg5 23. h4 Qf6 24. Rc2 Bd5 25. Qg4 Rd8 26. Rhc1 Nf8 27.
Bc4 h5 28. Qg3 Kb7 29. Ba6+ Kb8 30. Bd3 Ne6 31. Rxc6 Bxc6 32. Rxc6 Qf4 33. Qxf4
Nxf4 34. Rxc7 Kxc7 35. Be4 Ne6 36. Bf3 Nxd4 37. Nxd4 Rxd4 38. Bxh5 Rxh4 39.
Bxf7 Rf4 40. Bd5 Rxf2 0-1

[Event "Bad Woerishofen op"]
[Site "?"]
[Date "2006.03.18"]
[Round "?"]
[White "Gutman, Lev"]
[Black "Hornung, Hans"]
[Result "0-1"]
[WhiteElo "2465"]
[BlackElo "2175"]
[PlyCount "75"]
[EventDate "2006.??.??"]

1. Nf3 c5 2. g3 Nc6 3. Bg2 e5 4. O-O d5 5. c3 Nf6 6. d4 e4 7. Ne5 h6 8. f3 Be6
9. Nxc6 bxc6 10. Nd2 Qb6 11. Qa4 cxd4 12. cxd4 Bb4 13. Nb3 O-O 14. Be3 exf3 15.
exf3 Rfe8 16. Bf2 Bd7 17. Nc5 Re2 18. Nxd7 Nxd7 19. Rac1 Qb5 20. Qxb5 cxb5 21.
a3 Ba5 22. b4 Bb6 23. Rfd1 Ra2 24. Rc3 Ne5 25. Bf1 Nc4 26. Bxc4 dxc4 27. Kf1
Rd8 28. Bg1 Rd5 29. h4 h5 30. Re3 Kh7 31. Rc3 Kg6 32. g4 a5 33. bxa5 Bxa5 34.
Re3 c3 35. gxh5+ Kxh5 36. Rc1 Rxa3 37. Ke2 Ra2+ 38. Kd3 0-1

[Event "Bad Woerishofen op"]
[Site "?"]
[Date "2006.03.18"]
[Round "2"]
[White "Skembris, Spyridon"]
[Black "Pleyer, Felix"]
[Result "1-0"]
[WhiteElo "2451"]
[BlackElo "2171"]
[PlyCount "105"]
[EventDate "2006.??.??"]

1. d4 Nf6 2. c4 g6 3. Nc3 c5 4. d5 d6 5. e4 Bg7 6. Bd3 O-O 7. Nf3 Bg4 8. O-O
Na6 9. Be2 Nd7 10. Bg5 Re8 11. Rc1 Rb8 12. Nd2 Bxe2 13. Qxe2 Nc7 14. a4 b6 15.
f4 f6 16. Bh4 a6 17. Nf3 e6 18. Qd3 e5 19. fxe5 Nxe5 20. Nxe5 Rxe5 21. Rc2 Ne8
22. Rcf2 Qd7 23. h3 Re7 24. g4 g5 25. Bg3 h5 26. Rf5 hxg4 27. hxg4 Bh8 28. Qf3
Bg7 29. Kg2 Rb7 30. b3 Rf7 31. Qd3 Bh8 32. e5 dxe5 33. Bxe5 fxe5 34. Rxg5+ Bg7
35. Rh1 Nf6 36. Qg6 Kf8 37. Rf1 Ke8 38. Rxe5+ Kd8 39. Re6 Ne8 40. Qg5+ Kc8 41.
Rxf7 Qxf7 42. Ne4 Bf8 43. Qf5 Qxf5 44. gxf5 Kd8 45. f6 b5 46. Rxa6 Nc7 47. Ra5
bxc4 48. bxc4 Rb6 49. Kf3 Rb3+ 50. Kg4 Rb4 51. d6 Ne6 52. Kf5 Rxc4 53. Kxe6 1-0

[Event "Bad Woerishofen op"]
[Site "?"]
[Date "2006.03.18"]
[Round "2"]
[White "Siebrecht, Sebastian"]
[Black "Tochtrop, Matthias"]
[Result "1/2-1/2"]
[WhiteElo "2429"]
[BlackElo "2167"]
[PlyCount "98"]
[EventDate "2006.??.??"]

1. d4 Nf6 2. Nf3 g6 3. c4 Bg7 4. Nc3 O-O 5. e4 d6 6. h3 e5 7. d5 a5 8. Bg5 Qe8
9. g4 Na6 10. Be2 Nd7 11. h4 Ndc5 12. Rg1 Kh8 13. Qd2 f6 14. Be3 f5 15. gxf5
gxf5 16. Rxg7 Kxg7 17. Bh6+ Kh8 18. Bxf8 Qxf8 19. O-O-O Nxe4 20. Nxe4 fxe4 21.
Ng5 Nc5 22. Bh5 h6 23. Nf7+ Kh7 24. Rg1 Bf5 25. Qd1 Nd3+ 26. Kd2 Qe7 27. Nxh6
Kxh6 28. Rg5 Rf8 29. Qg1 Nf4 30. Bg4 Bxg4 31. Qxg4 Qf7 32. Kc2 Nh5 33. Kb1 e3
34. fxe3 Qf1+ 35. Kc2 Qf2+ 36. Kd3 Qf1+ 37. Kc2 Qf2+ 38. Kd3 Qf7 39. Kc3 c6 40.
dxc6 bxc6 41. Qe4 c5 42. Qc6 Qf6 43. Kb3 Ng7 44. Qd7 Nf5 45. e4 Nxh4 46. Rg3
Rf7 47. Qc8 Rf8 48. Qd7 Rf7 49. Qc8 Rf8 1/2-1/2

[Event "Bad Woerishofen op"]
[Site "?"]
[Date "2006.03.18"]
[Round "2"]
[White "Einwiller, Dieter"]
[Black "Rau, Hannes"]
[Result "0-1"]
[WhiteElo "2173"]
[BlackElo "2425"]
[PlyCount "66"]
[EventDate "2006.??.??"]

1. e4 c5 2. c3 d5 3. exd5 Qxd5 4. d4 Nf6 5. Nf3 Bg4 6. Be2 e6 7. O-O Nc6 8. Na3
Be7 9. Nb5 Rc8 10. Bf4 cxd4 11. Nc7+ Rxc7 12. Bxc7 dxc3 13. bxc3 Qxd1 14. Bxd1
Nd5 15. Be5 Bxf3 16. Bxg7 Rg8 17. Bxf3 Rxg7 18. Bxd5 exd5 19. Rfd1 Rg5 20. Rab1
b6 21. Rd3 Kd7 22. Rbd1 Kd6 23. f4 Rf5 24. g4 Rxf4 25. Rxd5+ Ke6 26. h3 Bc5+
27. Kh1 Ne5 28. Rd8 f6 29. Rh8 Rf2 30. Re1 Kf7 31. Rxe5 fxe5 32. Rxh7+ Kg6 33.
Rxa7 e4 0-1

[Event "Bad Woerishofen sen"]
[Site "?"]
[Date "2006.03.18"]
[Round "2"]
[White "Mentel, Juergen"]
[Black "Will, Michael"]
[Result "0-1"]
[WhiteElo "2104"]
[BlackElo "1990"]
[PlyCount "142"]
[EventDate "2006.??.??"]

1. e4 c6 2. d4 g6 3. Nf3 d5 4. Nbd2 dxe4 5. Nxe4 Bf5 6. Ng3 Bg4 7. c3 Bg7 8. h3
Bxf3 9. Qxf3 Nf6 10. Bc4 O-O 11. O-O Nbd7 12. Re1 Nb6 13. Bb3 Qd7 14. Ne4 Nxe4
15. Qxe4 e6 16. Bg5 a5 17. a4 Nd5 18. Rad1 Rae8 19. Qh4 Ne7 20. Qg4 Nf5 21. Qe2
Ne7 22. Qd2 Nd5 23. Bh6 Qc7 24. Re4 f5 25. Bxg7 Qxg7 26. Re5 Qd7 27. f4 Kf7 28.
c4 Nb4 29. Rxa5 Na6 30. Re5 Nc7 31. Re3 Qd6 32. Rd3 c5 33. dxc5 Qxc5+ 34. Qf2
Qb4 35. Qd2 Qc5+ 36. Kh1 Re7 37. Re3 Rfe8 38. Re5 Qb6 39. Ba2 Kg7 40. b4 Qc6
41. Qc3 Kf7 42. b5 Qb6 43. Rd4 Qa7 44. a5 Qb8 45. Qd2 Rc8 46. Re1 Ne8 47. Rd1
Nf6 48. Bb1 e5 49. fxe5 Qxe5 50. Qf2 Rce8 51. Bd3 Qc7 52. a6 bxa6 53. bxa6 Qa7
54. Bf1 Qxa6 55. g4 Re5 56. Qf4 Qc8 57. Rd6 Re1 58. g5 Rxd1 59. Rxd1 Ne4 60.
Bg2 Qc5 61. Re1 Qxc4 62. Bxe4 Rxe4 63. Rxe4 Qxe4+ 64. Qxe4 fxe4 65. Kg2 Ke6 66.
Kf2 Kf5 67. Ke3 Kxg5 68. Kxe4 Kh4 69. Kf4 Kxh3 70. Kg5 Kg3 71. Kh6 Kf4 0-1

[Event "Bad Woerishofen sen"]
[Site "?"]
[Date "2006.03.18"]
[Round "2"]
[White "Villing, Dieter"]
[Black "Rodemann, Edmund"]
[Result "0-1"]
[WhiteElo "2261"]
[BlackElo "2059"]
[PlyCount "90"]
[EventDate "2006.??.??"]

1. e4 c6 2. d3 d5 3. Nd2 e5 4. Ngf3 Bd6 5. g3 Nf6 6. Bg2 O-O 7. O-O Nbd7 8. Re1
Re8 9. Nf1 dxe4 10. dxe4 Qc7 11. Nh4 g6 12. Ne3 Bf8 13. h3 Nc5 14. Ng4 Nxg4 15.
hxg4 Qd7 16. Qxd7 Bxd7 17. g5 Ne6 18. Be3 Bc5 19. Rad1 Rad8 20. Nf3 Bxe3 21.
Rxe3 Bc8 22. Rxd8 Rxd8 23. Rd3 Rxd3 24. cxd3 h6 25. Nxe5 Nxg5 26. f4 Nh7 27.
Nc4 Bd7 28. e5 b6 29. a4 Kf8 30. b4 Ke7 31. a5 b5 32. Nd6 Nf8 33. Kf2 Ne6 34.
Ke3 Nc7 35. Bf3 Na6 36. g4 f6 37. d4 Nxb4 38. Be4 Bxg4 39. Bxg6 Nd5+ 40. Ke4 b4
41. Nc4 f5+ 42. Kd3 Nxf4+ 43. Kc2 Nxg6 44. Kb3 f4 45. Kxb4 Be6 0-1